[Event "Prague Golden op 18th"]
[Site "Prague"]
[Date "2023.06.25"]
[Round "8.2"]
[White "Brndiar, Pavel"]
[Black "Bara, Josef Jr"]
[Result "1-0"]
[WhiteElo "1475"]
[BlackElo "1484"]
[PlyCount "39"]
[EventDate "2023.06.25"]
[EventType "team-swiss"]
[EventRounds "9"]
[EventCountry "CZE"]
[SourceTitle "CBM 214 Extra"]
[Source "ChessBase"]
[SourceDate "2023.07.31"]
[SourceVersion "1"]
[SourceVersionDate "2023.07.31"]
[SourceQuality "1"]
[WhiteTeam "Natas"]
[BlackTeam "Ddva"]
[WhiteTeamCountry "CZE"]
[BlackTeamCountry "CZE"]

1. e4 e6 2. Nc3 d5 3. exd5 exd5 4. d4 Nf6 5. Nf3 Bb4 6. Bd2 0-0 7. Bd3 Bg4 8. h3 Bh5 9. 0-0 c6 10. Bg5 Bxf3 11. Qxf3 Nbd7 12. Ne2 Ba5 13. Ng3 Bc7 14. Nf5 Qb8 15. Nh6+ Kh8 16. Ng4 Nxg4 17. Qxg4 Nb6 18. Qh4 g6 19. Bf6+ Kg8 20. Qh6 1-0

[Event "Pardubice Czech op-C 32nd"]
[Site "Pardubice"]
[Date "2021.07.31"]
[Round "9"]
[White "Brndiar, Pavel"]
[Black "Zelkin, Vladimir"]
[Result "0-1"]
[WhiteElo "1533"]
[BlackElo "1688"]
[PlyCount "52"]
[EventDate "2021.07.24"]
[EventType "swiss"]
[EventRounds "9"]
[EventCountry "CZE"]
[SourceTitle "EXT 2022"]
[Source "ChessBase"]
[SourceDate "2021.10.06"]
[SourceVersion "1"]
[SourceVersionDate "2021.10.06"]
[SourceQuality "1"]

1. e4 d5 2. exd5 Nf6 3. Nc3 Nxd5 4. Nf3 Nc6 5. d4 Bg4 6. Bb5 e6 7. 0-0 Bd6 8. Nxd5 exd5 9. Re1+ Kf8 10. c3 h6 11. Qd3 g6 12. Bxc6 bxc6 13. Ne5 Bf5 14. Qf3 Bxe5 15. Rxe5 Kg7 16. Qg3 Qd7 17. Bf4 Rhe8 18. Rxe8 Rxe8 19. Bxc7 Re2 20. b3 Qe7 21. Kf1 Re4 22. Be5+ f6 23. Bb8 g5 24. a4 h5 25. b4 h4 26. Qd6 Re1+ 0-1

[Event "Pardubice Czech op-D 28th"]
[Site "Pardubice"]
[Date "2017.07.27"]
[Round "7"]
[White "Zenkov, Maksim V"]
[Black "Brndiar, Pavel"]
[Result "0-1"]
[WhiteElo "1430"]
[BlackElo "1551"]
[PlyCount "66"]
[EventDate "2017.07.22"]
[EventType "swiss"]
[EventRounds "9"]
[EventCountry "CZE"]
[SourceTitle "CBM 179 Extra"]
[Source "ChessBase"]
[SourceDate "2017.08.23"]
[SourceVersion "1"]
[SourceVersionDate "2017.08.23"]
[SourceQuality "1"]

1. e4 e6 2. d4 d5 3. e5 c5 4. c3 Nc6 5. Nf3 h6 6. a3 Bd7 7. b4 c4 8. Be2 b5 9. Be3 a5 10. Nbd2 Nge7 11. 0-0 Nf5 12. h3 Nce7 13. g4 Nxe3 14. fxe3 Ng6 15. Qe1 Be7 16. Qg3 Bc6 17. Nh2 Bg5 18. Qf2 Qc7 19. Nhf3 a4 20. Bd1 Qe7 21. Bc2 0-0-0 22. Nxg5 hxg5 23. Qxf7 Qxf7 24. Rxf7 Nxe5 25. dxe5 Rxh3 26. Nf3 Rdh8 27. Kg2 d4 28. e4 d3 29. Nxg5 Rh2+ 30. Kg3 Rxc2 31. Nxe6 Bxe4 32. Nf4 g5 33. Nh3 Rg2# 0-1